[Event "XLV Sevilla Open 2020"]
[Site "Sevilla"]
[Date "2020.01.17"]
[Round "8.9"]
[White "Swayams, Mishra"]
[Black "Barrish, Daniel"]
[Result "1/2-1/2"]
[WhiteElo "2479"]
[BlackElo "2352"]
[Annotator "ChessBase"]
[PlyCount "77"]
[EventDate "2020.01.05"]
[EventType "swiss"]
[EventCountry "ESP"]
[SourceTitle "playchess.com"]
[Source "ChessBase"]
[SourceQuality "1"]
[TimeControl "5400+30"]

1. Nf3 {[%emt 0:00:50]} d5 {[%emt 0:00:00]} 2. g3 {[%emt 0:00:28]} c6 {[%emt 0:00:46]} 3. Bg2 {[%emt 0:00:28]} Bg4 {[%emt 0:00:09]} 4. O-O {[%emt 0:04:23]} Nd7 {[%emt 0:01:11]} 5. d3 {[%emt 0:02:04]} e5 {[%emt 0:01:42]} 6. c4 {[%emt 0:06:37]} dxc4 {[%emt 0:10:20]} 7. dxc4 {[%emt 0:02:43]} Ngf6 {[%emt 0:00:15]} 8. Nc3 {[%emt 0:02:04]} Be7 {[%emt 0:01:47]} 9. h3 {[%emt 0:01:00]} Be6 {[%emt 0:01:42]} 10. b3 {[%emt 0:00:07]} h6 {[%emt 0:02:49]} 11. Qc2 {[%emt 0:00:34]} O-O {[%emt 0:01:50]} 12. Nh4 {[%emt 0:01:15]} Re8 {[%emt 0:04:29]} 13. Nf5 {[%emt 0:03:29]} Bf8 {[%emt 0:00:56]} 14. g4 {[%emt 0:01:15]} Qc7 {[%emt 0:05:05]} 15. Be3 {[%emt 0:01:01]} Rac8 {[%emt 0:02:20]} 16. Ne4 {[%emt 0:18:56]} Nxe4 {[%emt 0:07:15]} 17. Bxe4 {[%emt 0:01:08]} Nc5 {[%emt 0:02:08]} 18. Bg2 {[%emt 0:07:01]} a5 {[%emt 0:00:44]} 19. Rfd1 {[%emt 0:02:17]} Red8 {[%emt 0:05:15]} 20. Ng3 {[%emt 0:05:05]} Rxd1+ {[%emt 0:03:19]} 21. Rxd1 {[%emt 0:00:08]} b5 {[%emt 0:07:05]} 22. cxb5 {[%emt 0:00:38]} cxb5 {[%emt 0:00:06]} 23. Rc1 {[%emt 0:05:36]} Qb8 {[%emt 0:04:49]} 24. Qd2 {[%emt 0:01:35]} b4 {[%emt 0:00:19]} 25. Ne4 {[%emt 0:02:00]} Nxe4 {[%emt 0:02:29]} 26. Rxc8 {[%emt 0:01:06]} Qxc8 {[%emt 0:01:31]} 27. Bxe4 {[%emt 0:00:02]} h5 {[%emt 0:10:26]} 28. f3 {[%emt 0:01:18]} hxg4 29. hxg4 {[%emt 0:00:16]} Bc5 {[%emt 0:01:45]} 30. Kg2 {[%emt 0:03:49]} Bxe3 {[%emt 0:01:35]} 31. Qxe3 {[%emt 0:00:02]} Qc7 {[%emt 0:05:21]} 32. Qd3 {[%emt 0:02:19]} Kf8 {[%emt 0:04:04]} 33. Qb5 {[%emt 0:04:52]} g6 {[%emt 0:00:54]} 34. Bd3 {[%emt 0:01:17]} Kg7 {[%emt 0:01:07]} 35. Bc4 {[%emt 0:01:18]} Bd7 {[%emt 0:03:00]} 36. Qd5 {[%emt 0:00:02]} Be6 {[%emt 0:00:15]} 37. Qb5 {[%emt 0:00:01]} Bd7 {[%emt 0:00:06]} 38. Qd5 {[%emt 0:01:15]} Be6 {[%emt 0:00:04]} 39. Qb5 1/2-1/2

[Event "XLV Sevilla Open 2020"]
[Site "Sevilla"]
[Date "2020.01.17"]
[Round "8.10"]
[White "Panjwani, Raja"]
[Black "Pingin, Artem"]
[Result "0-1"]
[WhiteElo "2444"]
[BlackElo "2143"]
[Annotator "ChessBase"]
[PlyCount "78"]
[EventDate "2020.01.05"]
[EventType "swiss"]
[EventCountry "ESP"]
[SourceTitle "playchess.com"]
[Source "ChessBase"]
[SourceQuality "1"]
[TimeControl "5400+30"]

1. Nf3 Nf6 2. g3 e6 3. Bg2 d5 4. O-O Be7 5. d3 O-O 6. Nbd2 c5 7. e4 Nc6 8. e5 Nd7 9. Re1 Qc7 10. Qe2 b5 11. h4 Bb7 12. Nf1 Rfc8 13. Bf4 Nf8 14. h5 h6 15. N1h2 Qd8 16. Ng4 Nh7 17. c3 a5 18. Qd2 Ba6 19. Rac1 Ra7 20. Bf1 b4 21. Qc2 Rd7 22. Bxh6 gxh6 23. d4 Bxf1 24. Nxh6+ Kg7 25. Nxf7 Qg8 26. Qg6+ Kf8 27. Qxe6 Rdc7 28. Qxd5 Bh3 29. e6 Nf6 30. Qg5 cxd4 31. Qb5 Qg4 32. N7g5 Qxh5 33. cxd4 Nxd4 34. Rxc7 Nxf3+ 35. Nxf3 Qxb5 36. Rxc8+ Kg7 37. Kh2 Qf5 38. Rc7 Nd5 39. Rc4 Bg4 0-1

[Event "XLV Sevilla Open 2020"]
[Site "Sevilla"]
[Date "2020.01.17"]
[Round "8.11"]
[White "Polivanov, Anatoliy"]
[Black "Gu, Tianlu"]
[Result "1/2-1/2"]
[WhiteElo "2420"]
[BlackElo "2255"]
[Annotator "ChessBase"]
[PlyCount "72"]
[EventDate "2020.01.05"]
[EventType "swiss"]
[EventCountry "ESP"]
[SourceTitle "playchess.com"]
[Source "ChessBase"]
[SourceQuality "1"]
[TimeControl "5400+30"]

1. e4 {[%emt 0:00:00]} c5 {[%emt 0:00:35]} 2. Nf3 {[%emt 0:00:00]} Nc6 {[%emt 0:00:13]} 3. c3 {[%emt 0:00:00]} Nf6 {[%emt 0:00:37]} 4. e5 {[%emt 0:00:00]} Nd5 {[%emt 0:00:13]} 5. Bc4 {[%emt 0:00:00]} Nb6 {[%emt 0:00:36]} 6. Bb3 {[%emt 0:00:00]} d5 {[%emt 0:01:38]} 7. exd6 {[%emt 0:00:12]} Qxd6 {[%emt 0:00:16]} 8. Na3 {[%emt 0:00:25]} Be6 {[%emt 0:01:38]} 9. d4 {[%emt 0:00:10]} cxd4 {[%emt 0:05:41]} 10. Nb5 {[%emt 0:00:15]} Qd7 {[%emt 0:00:43]} 11. O-O {[%emt 0:03:22]} Bxb3 {[%emt 0:07:33]} 12. axb3 {[%emt 0:00:04]} a6 {[%emt 0:02:05]} 13. Nbxd4 {[%emt 0:00:05]} Nxd4 {[%emt 0:01:45]} 14. Nxd4 {[%emt 0:00:04]} g6 {[%emt 0:03:29]} 15. b4 {[%emt 0:00:09]} Bg7 {[%emt 0:00:36]} 16. Nb3 {[%emt 0:00:05]} Qc7 {[%emt 0:01:26]} 17. Ra5 {[%emt 0:15:22]} Rd8 {[%emt 0:03:58]} 18. Qf3 {[%emt 0:05:16]} O-O {[%emt 0:00:57]} 19. Rc5 {[%emt 0:01:31]} Qb8 {[%emt 0:01:45]} 20. Na5 {[%emt 0:03:59]} Rd7 {[%emt 0:06:17]} 21. Re1 {[%emt 0:10:50]} e5 {[%emt 0:02:11]} 22. b5 {[%emt 0:03:38]} Qd6 {[%emt 0:19:05]} 23. b4 {[%emt 0:05:04]} Na4 {[%emt 0:05:14]} 24. Nxb7 {[%emt 0:06:27]} Qb6 {[%emt 0:00:27]} 25. bxa6 {[%emt 0:00:55]} e4 {[%emt 0:01:19]} 26. Qg4 {[%emt 0:06:28]} Nxc5 {[%emt 0:09:09]} 27. Nxc5 {[%emt 0:00:12]} Rdd8 {[%emt 0:05:14]} 28. Nd7 {[%emt 0:11:15]} Qxa6 {[%emt 0:00:11]} 29. Nxf8 {[%emt 0:00:06]} Bxc3 {[%emt 0:01:48]} 30. Ne6 {[%emt 0:21:35]} Qxe6 {[%emt 0:04:19]} 31. Qxe6 {[%emt 0:00:06]} fxe6 {[%emt 0:00:04]} 32. Rf1 {[%emt 0:00:04]} Bxb4 {[%emt 0:01:07]} 33. Be3 {[%emt 0:00:12]} Bc3 {[%emt 0:02:20]} 34. Rc1 {[%emt 0:02:38]} Bd4 {[%emt 0:00:10]} 35. Bxd4 {[%emt 0:01:40]} Rxd4 {[%emt 0:00:07]} 36. Kf1 {[%emt 0:00:03]} e3 {[%emt 0:01:50]} 1/2-1/2

[Event "XLV Sevilla Open 2020"]
[Site "Sevilla"]
[Date "2020.01.17"]
[Round "8.12"]
[White "Pap, Misa"]
[Black "Borsos, Bogdan"]
[Result "1-0"]
[WhiteElo "2427"]
[BlackElo "2214"]
[Annotator "ChessBase"]
[PlyCount "29"]
[EventDate "2020.01.05"]
[EventType "swiss"]
[EventCountry "ESP"]
[SourceTitle "playchess.com"]
[Source "ChessBase"]
[SourceQuality "1"]
[TimeControl "5400+30"]

1. e4 {[%emt 0:12:07]} c5 {[%emt 0:00:00]} 2. Nf3 {[%emt 0:00:54]} Nc6 {[%emt 0:00:00]} 3. d4 {[%emt 0:00:47]} cxd4 {[%emt 0:00:00]} 4. Nxd4 {[%emt 0:00:03]} Nf6 {[%emt 0:00:01]} 5. Nc3 {[%emt 0:00:08]} d6 {[%emt 0:00:58]} 6. Bg5 {[%emt 0:00:14]} Bd7 {[%emt 0:00:24]} 7. Be2 {[%emt 0:04:17]} Qa5 {[%emt 0:00:57]} 8. Bxf6 {[%emt 0:00:18]} gxf6 {[%emt 0:00:16]} 9. O-O {[%emt 0:01:22]} Rc8 {[%emt 0:00:41]} 10. Nf5 {[%emt 0:00:03]} Qc5 {[%emt 0:10:32]} 11. Nd5 {[%emt 0:16:49]} Nb4 {[%emt 0:08:39]} 12. Bg4 {[%emt 0:16:16]} Nxd5 {[%emt 0:04:07]} 13. exd5 {[%emt 0:02:09]} Rg8 {[%emt 0:16:25]} 14. Re1 {[%emt 0:05:17]} Qb4 {[%emt 0:07:39]} 15. Nxe7 {[%emt 0:08:37]} 1-0

[Event "XLV Sevilla Open 2020"]
[Site "Sevilla"]
[Date "2020.01.17"]
[Round "8.13"]
[White "Bukal, Vladimir Jr."]
[Black "Mohota, Nisha"]
[Result "1-0"]
[WhiteElo "2385"]
[BlackElo "2201"]
[Annotator "TA"]
[PlyCount "87"]
[EventDate "2020.01.05"]
[EventType "swiss"]
[EventCountry "ESP"]
[SourceTitle "playchess.com"]
[Source "ChessBase"]
[SourceQuality "1"]

{[%evp 9,87,-28,-30,-37,-28,-23,-27,-38,-26,-38,0,-61,-52,-79,-69,-73,-41,-48,-14,-17,-4,-36,-27,-37,-37,-32,0,0,0,0,58,57,85,0,74,34,23,-12,95,123,109,113,118,121,271,6,9,11,68,37,196,38,283,195,367,354,332,257,461,458,696,658,616,592,1098,544,547,512,5485,5030,29980,29980,29981,29982,29982,29983,29984,29985,29984,29984]} 1. d4 d5 2. Nf3 Nf6 3. Bf4 c5 4. e3 Nc6 5. Bb5 (5. Nbd2 cxd4 6. exd4 Qb6 7. Nb3 Bf5 8. Be2 e6 9. O-O Be7 10. a4 a6 11. a5 Qd8 12. Ne5 Rc8 {1-0 (41) Carlsen,M (2872)-Kramnik,V (2753) Moscow 2019}) 5... Qa5+ 6. Nc3 {D02: 1 d4 d5 2 Nf3 sidelines, including 2...Nf6 3 g3 and 2...Nf6 3 Bf4} Ne4 7. O-O Nxc3 8. Bxc6+ $1 {Black has an edge.} bxc6 9. bxc3 g6 $146 ({Predecessor:} 9... Qxc3 10. Ne5 cxd4 11. exd4 Bf5 12. g4 Be4 {0-1 (34) Nogueiras Santiago,J (2570)-Khairullin,I (2617) Havana 2010}) 10. h4 (10. c4 $11) 10... Bg7 11. h5 Qxc3 12. Ne5 cxd4 13. exd4 Bf5 (13... Bxe5 $5 14. Bxe5 f6 $17) 14. Re1 O-O 15. Rc1 (15. Re3 $5 {[%cal Re3c3]} Qxc2 16. Qxc2 Bxc2 17. Nxc6 $15) 15... Rac8 16. Re3 Qa5 17. g4 Be6 18. hxg6 fxg6 19. Nd3 Bf7 (19... Bd7 $1 $11) 20. Be5 $14 {[%mdl 1024] White has compensation.} Bf6 {[#]} 21. Kg2 (21. Nc5 $1 $16) 21... Qd8 (21... g5 $1 $11) 22. Qh1 g5 23. f4 e6 (23... gxf4 $11 24. Nxf4 Bxe5 25. Rxe5 Qa5) 24. Qh6 $16 Bg6 25. fxg5 Bxe5 26. Nxe5 Qa5 {[#]} (26... Be4+ $16 27. Rxe4 dxe4) 27. Re2 $2 $40 {[%mdl 128] White mounts an attack.} ({Only move:} 27. Rce1 $1 $18 Qxa2 28. R1e2 (28. Nxg6 Qxc2+ {[%mdl 64] Double Attack} 29. Kg3 Qf2+ 30. Kh3 Rf3+ 31. Rxf3 Qxf3+ 32. Kh4 Qf2+ {[%mdl 64] Double Attack} 33. Kh3 Qxe1 $11) 28... Be4+ 29. Kg3) 27... Be4+ 28. Kh2 Qc7 (28... Rce8 $1 $11) 29. c4 (29. Qxe6+ {with more complications.} Kh8 30. Qd7 c5 31. Qxc7 Rxc7 32. dxc5 Re8 33. Nd3) 29... Qg7 $2 ({Black should try} 29... Bd3 $14 30. Qxe6+ Kh8) 30. cxd5 $2 (30. Qxe6+ $18 Kh8 31. Qh6) 30... Qxh6+ $2 (30... Bxd5 $14 31. Kg3 Rc7) 31. gxh6 $18 cxd5 $2 (31... Bxd5 {keeps fighting.} 32. Rb2 Rb8) 32. Rxc8 Rxc8 {[%mdl 4096] Endgame KRB-KRN} 33. Rb2 Kf8 $2 (33... Rc2+ 34. Rxc2 Bxc2) 34. Kg3 Rc7 (34... Ke8 $142 35. g5 Rc1 36. Rb8+ Ke7 37. Rb7+ {[%mdl 64] Double Attack} Ke8) 35. Rb8+ Ke7 36. Kf4 Kd6 37. Rd8+ (37. Rg8 $142 Ke7 38. Rg7+ Kd8 39. Rxc7 Kxc7 40. g5) 37... Ke7 38. Rg8 Kd6 (38... Rc1 $142 39. Rg7+ Ke8) 39. Rg7 Re7 40. Kg5 {White mates.} Bc2 41. Kf6 Rc7 42. g5 a5 43. Rxc7 Kxc7 44. g6 {Accuracy: White = 49%, Black = 17%.} 1-0

[Event "XLV Sevilla Open 2020"]
[Site "Sevilla"]
[Date "2020.01.17"]
[Round "8.14"]
[White "Pogorelov, Ruslan"]
[Black "Dubreuil, Nicolas"]
[Result "1-0"]
[WhiteElo "2377"]
[BlackElo "2200"]
[Annotator "TA"]
[PlyCount "107"]
[EventDate "2020.01.05"]
[EventType "swiss"]
[EventCountry "ESP"]
[SourceTitle "playchess.com"]
[Source "ChessBase"]
[SourceQuality "1"]

{[%evp 10,107,47,53,118,106,116,109,117,77,88,38,42,11,23,0,-3,-14,-25,-33,0,0,0,0,0,0,0,-20,0,0,0,0,61,68,99,77,69,-35,150,120,150,148,152,173,198,198,214,225,264,256,277,241,285,37,22,35,45,0,0,0,0,0,6,0,3,5,160,154,148,147,160,160,160,160,174,183,167,159,174,135,222,211,223,139,1458,1345,1390,1205,2336,2576,2781,2564,29981,29982,29982,29983,29983,29984,29984,29985]} 1. Nf3 d5 2. d4 Nf6 3. c4 c6 4. Nc3 Bf5 5. cxd5 Nxd5 6. Nd2 Nd7 {D15: Slav Defence: 4 Nc3 a6 and gambit lines after 4 Nc3 dxc4} (6... Bg4 $14) (6... e5 7. e4 Nxc3 8. bxc3 Bg6 9. dxe5 Qa5 10. Qb3 Nd7 11. e6 Nc5 12. exf7+ Bxf7 13. Qc2 Qa4 14. Qb1 {½-½ (23) Jurcik,M (2488)-Larkin,V (2366) Riga 2019}) 7. e4 $16 Nxc3 8. bxc3 Bg6 {White is better.} 9. Rb1 Qc7 10. Qb3 b6 11. Ba3 $146 ({Predecessor:} 11. Bd3 e6 12. O-O Bd6 13. g3 O-O 14. Nc4 {0-1 (34) Mohanadasan,T-Agachi,L ICCF email 2011}) 11... Rd8 12. Bc4 e5 13. Bxf8 Nxf8 14. d5 cxd5 15. Bxd5 Nd7 16. O-O O-O 17. c4 Kh8 18. a4 a5 19. Qe3 Rb8 20. Rb5 Nc5 (20... f5 $11) 21. Nb3 $1 $14 {[%cal Rb3c5]} Nd7 22. c5 bxc5 23. Qc3 ({Better is} 23. Ra1 $14) 23... Nb6 $2 {[#]} (23... Rxb5 $15 {stays ahead.} 24. axb5 a4) 24. Qxc5 $16 ({Don't take} 24. Rxc5 $6 Qd6 $14) 24... Qxc5 25. Nxc5 Nxd5 26. exd5 Ra8 27. d6 Rfd8 28. Rd1 Kg8 29. g4 ({Don't do} 29. d7 $6 Bf5 $16) 29... Kf8 30. Rb7 Rac8 31. Nd7+ $2 ({White should play} 31. Rc1 $18) 31... Ke8 $1 $14 32. Nxe5 Rxd6 $1 33. Rxd6 (33. Re1 $5 {[%cal Re5f7]} Kf8 34. Ra7 $14) 33... Rc1+ 34. Kg2 Be4+ 35. f3 Bxb7 $11 {[%mdl 4096] Endgame KRB-KRN} 36. Rb6 Rc5 (36... Bd5 {feels hotter.} 37. Rb5 Rd1 38. g5 Ke7 39. Kf2 Ke6) 37. Nd3 Rc3 $2 ({Black should try} 37... Rc7 $11) 38. Rxb7 $16 {Strongly threatening Nf2.} Rxd3 {[#] KR-KR} 39. Rb5 $1 Ke7 40. Rxa5 h6 41. h4 g6 42. Rb5 Rd4 43. a5 Ra4 44. h5 Kf6 (44... Ra2+ $16 {was worth a try.} 45. Kg3 g5) 45. Kf2 $18 Ra3 46. Ke2 Ke6 $2 {[%mdl 8192]} (46... gxh5 $16 47. Rxh5 Ke7) 47. g5 hxg5 48. h6 Ra2+ 49. Ke3 Ra3+ 50. Kf2 g4 51. h7 {White mates.} Rxf3+ 52. Kg2 Rh3 53. a6 {[%cal Ba5a6,Ba6a7][%mdl 32]} Rxh7 54. a7 {Accuracy: White = 52%, Black = 40%.} 1-0

[Event "XLV Sevilla Open 2020"]
[Site "Sevilla"]
[Date "2020.01.17"]
[Round "8.15"]
[White "Melekhina, Alisa"]
[Black "Padmini, Rout"]
[Result "0-1"]
[WhiteElo "2192"]
[BlackElo "2369"]
[Annotator "TA"]
[PlyCount "140"]
[EventDate "2020.01.05"]
[EventType "swiss"]
[EventCountry "ESP"]
[SourceTitle "playchess.com"]
[Source "ChessBase"]
[SourceQuality "1"]

{[%evp 12,140,6,0,2,-6,0,-25,-1,-31,-32,-18,-30,-101,-20,-70,-67,-65,-66,-69,-38,-37,-20,-41,-12,0,0,0,0,-47,-37,-54,-54,-54,-54,-58,-50,-62,-57,-103,-83,-255,-147,-194,-177,-285,-283,-287,-272,-635,-637,-620,-416,-601,-616,-638,-626,-621,-612,-596,-589,-739,-527,-528,-496,-490,-490,-467,-456,-436,-440,-695,-677,-671,-671,-671,-654,-789,-785,-864,-852,-894,-782,-1426,-1302,-1145,-967,-1056,-1049,-1530,-1335,-2027,-1777,-3100,-2786,-2760,-2562,-2257,-1898,-2685,-2316,-5152,-5072,-29981,-29982,-29982,-29978,-2996,-2574,-2299,-2066,-2165,-1947,-2772,-2491,-29975,-29975,-29984,-29985,-29990,-29991,-29991,-29992,-29992,-29993,-29993,-29994,-29994,-29995,-29996,-29997]} 1. e4 c5 2. c3 Nf6 3. e5 Nd5 4. Nf3 e6 5. d4 cxd4 6. cxd4 d6 7. Bd3 dxe5 {B22: Sicilian: 2 c3} 8. dxe5 Nb4 9. Be4 Qxd1+ {Black has an edge.} 10. Kxd1 Nd7 11. Nc3 (11. Bd2 a5 12. a3 Nc5 13. axb4 Nxe4 14. Be1 b6 15. Nc3 Nxc3+ 16. Bxc3 {½-½ (50) Mamedyarov,S (2747)-Caruana,F (2787) Wijk aan Zee 2016}) 11... Nc5 12. Bb1 {[#]} (12. a3 $11 {remains equal.} Nxe4 13. Nxe4) 12... Bd7 (12... b6 $1 $17 13. a3 Nbd3 14. Bxd3 Nxd3) 13. Nd4 $146 ({Predecessor:} 13. Ke2 Bc6 14. Rd1 Nd5 15. Nxd5 Bxd5 {1-0 (32) Kantorik,M (2321)-Sikora Lerch,J (2324) Prerov 2001}) 13... Nbd3 14. Ke2 Nxe5 15. Ndb5 {Nc7+ is the strong threat.} Na6 16. Bf4 Nc6 17. Ne4 f5 18. Ned6+ Bxd6 $1 19. Nxd6+ Ke7 20. Nxb7 Rhb8 $36 {[%mdl 2048] Black has some pressure.} 21. Bd6+ Kf6 22. Bxb8 Rxb8 23. Bd3 Rxb7 24. Bxa6 Rxb2+ 25. Ke3 Nb4 26. Bd3 $2 (26. Rab1 $17 {was worth a try.} Rxb1 27. Rxb1 Nxa6 28. Rb7) 26... f4+ (26... e5 $19 {And now ...f4+ would win.} 27. g3 g5) 27. Kd4 Rxf2 28. Be4 (28. Bxh7 $142 e5+ 29. Kc5 Na6+ 30. Kc4) 28... Nc2+ $19 29. Bxc2 Rxc2 {[%mdl 4096] Endgame KRR-KRB} 30. Rhg1 $2 (30. Rae1 Rxg2 31. h4) 30... e5+ 31. Kd5 Bc6+ 32. Kd6 Bxg2 33. Rab1 Rxa2 34. Rb8 {If only White now had time for Rf8+....} Rd2+ 35. Kc5 g5 36. Ra1 Rd7 37. Rf8+ Kg7 38. Rf5 Rd5+ 39. Kc4 Kg6 40. Rf8 a5 41. h4 (41. Re8 $142 a4 42. Rg8+ Kf5 43. h4) 41... h6 42. hxg5 hxg5 43. Ra2 Be4 44. Rh2 Rd7 45. Rg8+ Kf5 46. Rf8+ Kg4 47. Re8 Rc7+ 48. Kb3 Bd5+ 49. Kb2 Kf5 50. Rhh8 e4 51. Rd8 Rc5 52. Rhf8+ Kg4 53. Rfe8 Bc6 54. Re6 e3 55. Rd4 Kf3 56. Rdd6 Be4 {[#] ( -> ...e2)} 57. Rd4 Bf5 58. Re7 g4 59. Rd1 Rc2+ 60. Kb3 Rf2 61. Rd5 Bc2+ 62. Kc3 g3 63. Rxa5 g2 {Black mates.} 64. Rg5 Be4 65. Reg7 e2 66. Kd2 Rf1 {[%csl Gf1][%cal Re2e1]} 67. Rg3+ fxg3 {[%csl Gf1][%cal Re2e1]} 68. Rf7+ Kg4 {[%csl Gf1][%cal Re2e1]} 69. Rg7+ Kh5 {[%csl Gf1][%cal Re2e1]} 70. Kxe2 g1=Q 0-1

[Event "XLV Sevilla Open 2020"]
[Site "Sevilla"]
[Date "2020.01.17"]
[Round "8.16"]
[White "Gutierrez Olivares, Daniel"]
[Black "Soldo, Robert"]
[Result "1-0"]
[WhiteElo "2358"]
[BlackElo "2180"]
[Annotator "ChessBase"]
[PlyCount "106"]
[EventDate "2020.01.05"]
[EventType "swiss"]
[EventCountry "ESP"]
[SourceTitle "playchess.com"]
[Source "ChessBase"]
[SourceQuality "1"]
[TimeControl "5400+30"]

1. Nf3 {[%emt 0:09:35]} Nf6 {[%emt 0:00:03]} 2. g3 {[%emt 0:00:12]} b6 {[%emt 0:00:48]} 3. Bg2 {[%emt 0:00:22]} Bb7 {[%emt 0:00:03]} 4. d3 {[%emt 0:00:16]} c5 {[%emt 0:01:51]} 5. e4 {[%emt 0:02:19]} d6 {[%emt 0:00:23]} 6. O-O {[%emt 0:00:24]} e6 {[%emt 0:01:13]} 7. Re1 {[%emt 0:03:04]} Be7 {[%emt 0:02:43]} 8. Nbd2 {[%emt 0:00:37]} O-O {[%emt 0:01:07]} 9. Nf1 {[%emt 0:00:22]} Nbd7 {[%emt 0:01:59]} 10. h3 {[%emt 0:00:29]} Qc7 {[%emt 0:00:28]} 11. g4 {[%emt 0:01:04]} Ne5 {[%emt 0:08:44]} 12. N3h2 {[%emt 0:02:09]} Ng6 {[%emt 0:08:46]} 13. f4 {[%emt 0:00:33]} Nd7 {[%emt 0:03:40]} 14. g5 {[%emt 0:02:54]} d5 {[%emt 0:08:56]} 15. Qg4 {[%emt 0:05:31]} dxe4 {[%emt 0:02:15]} 16. dxe4 {[%emt 0:02:22]} c4 {[%emt 0:04:05]} 17. h4 {[%emt 0:00:27]} Bd6 {[%emt 0:03:15]} 18. e5 {[%emt 0:04:59]} Bc5+ {[%emt 0:00:58]} 19. Be3 {[%emt 0:00:32]} Bxg2 {[%emt 0:03:38]} 20. Kxg2 {[%emt 0:00:44]} Ne7 {[%emt 0:00:54]} 21. Ng3 {[%emt 0:01:09]} Bxe3 {[%emt 0:01:45]} 22. Rxe3 {[%emt 0:00:02]} Nc5 {[%emt 0:03:23]} 23. h5 Rfd8 24. Nf3 Qc6 25. Kh3 g6 26. Qh4 Nf5 27. Nxf5 exf5 28. e6 Nxe6 29. Ne5 Qc5 30. Rae1 Ng7 31. hxg6 fxg6 32. Qh6 Rd1 33. Kg2 Rxe1 34. Rxe1 Nh5 35. Rf1 Nxf4+ 36. Rxf4 Qxe5 37. Rh4 Qc7 38. Rd4 Rd8 39. Qh4 b5 40. Rxd8+ Qxd8 41. Qf4 Kf7 42. Kf2 Qb6+ 43. Kf1 Qc6 44. Kf2 Qc5+ 45. Kf1 Qc6 46. Kf2 b4 47. Qh2 Qc5+ 48. Kf1 Kg7 49. Qh6+ Kg8 50. Qh2 Qe7 51. Qf4 Qc5 52. Qb8+ Kf7 53. Qh8 Qc6 1-0

[Event "XLV Sevilla Open 2020"]
[Site "Sevilla"]
[Date "2020.01.17"]
[Round "8.17"]
[White "Almaryami, Mohamed H."]
[Black "Estremera Panos, Sergio"]
[Result "1/2-1/2"]
[WhiteElo "2015"]
[BlackElo "2307"]
[Annotator "RC"]
[PlyCount "79"]
[EventDate "2020.01.05"]
[EventType "swiss"]
[EventCountry "ESP"]
[SourceTitle "playchess.com"]
[Source "ChessBase"]
[SourceQuality "1"]
[TimeControl "5400+30"]

1. e4 c5 2. Ne2 Nc6 3. Nbc3 d6 4. g3 g6 5. Bg2 Bg7 6. O-O e6 7. d3 Nge7 8. Bg5 h6 9. Be3 Nd4 10. Qd2 Qa5 11. Rab1 Nec6 12. a3 Nxe2+ 13. Nxe2 Qxd2 14. Bxd2 Bd7 15. c4 Rc8 16. b4 b6 17. b5 Nd4 18. Nxd4 Bxd4 19. a4 Kd8 20. a5 Kc7 21. h4 e5 22. Kh2 g5 23. Bh3 gxh4 24. gxh4 h5 25. Rg1 Rh7 26. Rg2 Bxh3 27. Kxh3 Kd7 28. Rg5 Ke6 29. Rbg1 bxa5 30. Rg8 Rh8 31. Rxc8 Rxc8 32. Bxa5 Bxf2 33. Rg5 Rh8 34. Bd2 Bd4 35. Kg2 Bb2 36. Kf3 Bd4 37. Ke2 Bb2 38. Kd1 Bd4 39. Be1 Rb8 40. Rg2 1/2-1/2